| 000 | 00430nam a2200181Ia 4500 | ||
|---|---|---|---|
| 001 | 11258 | ||
| 005 | 20260306161933.0 | ||
| 008 | 260306t1962||||xx |||||||||||||| ||spa|| | ||
| 041 | _aESP | ||
| 082 |
_a985.02 _bC243 1962 |
||
| 100 |
_aCieza de León, Pedro de _eAUT |
||
| 245 | 0 | _aLa crónica del Perú | |
| 260 | _c1962 | ||
| 300 |
_a294 páginas : _c18 cm. |
||
| 650 | _aGEN | ||
| 654 | _aCHU | ||
| 942 |
_cLIB _dJUS _fJUS _2ddc _n |
||
| 999 |
_c11258 _d11258 |
||